000 00675nab a2200193 4500
001 244442
003 OSt
005 20250106141158.0
007 tu
008 200917s2020|||||||
040 _aDE-2950
_cDE-2950
245 0 0 _aFinanzielle Mehrbelastung
_bMigration. Flüchtlinge aus der Ukraine, die in Rente sind, verursachen für Frankfurt erhebliche Kosten. Doch Bund und Land greifen den Kommunen dabei kaum unter die Arme/
_cSelim Pekel
264 _c2024
653 _aFrankfurt (Oder)
653 _aUkraineflüchtlinge
653 _aSozialleistungen
773 0 _g35. Jahrgang (2024) Nr. 297 vom 20.12.2024, S. 15 mit Foto
_tMärkische Oderzeitung
942 _2z
_cA
999 _c373526
_d373526